<A> guide for the young economist

Gespeichert in:
Bibliographische Detailangaben
1. Verfasser: Thomson, William
Format: Buch
Sprache:Englisch
Veröffentlicht: Cambridge <The> MIT Press 2001
Schlagworte:
Tags: Tag hinzufügen
Keine Tags, Fügen Sie das erste Tag hinzu!

MARC

LEADER 00000nam$a2200000$$$4500
001 0067801
005 20240313132925.5
020 |a 0-262-70079-4 
041 0 |a eng 
044 |a GB 
245 1 0 |a <A> guide for the young economist  |c William Thomson 
264 1 |a Cambridge  |b <The> MIT Press  |c 2001 
300 |a 118 s. 
610 2 0 |a ekonómia 
610 2 0 |a prezentácia firemná 
610 2 0 |a práce kvalifikačné 
610 2 0 |a poradenstvo 
610 2 0 |a práca vedecká 
610 2 0 |a spracovanie textov 
610 2 0 |a terminológia 
610 2 0 |a koncepcie 
610 2 0 |a modely 
100 1 |a Thomson, William